Les ostraca coptes de la TT 29 : autour du moine Frange /

محفوظ في:

المؤلف الرئيسي: Bouvarel-Boud'hors, Anne (auteur)

مؤلفون آخرون: Heurtel, Chantal (auteur)

التنسيق: كتاب

اللغة: French
Coptic

منشور في: Bruxelles : CReA-Patrimoine, 2010

سلاسل: Etudes d'archeologie thebaine ; 3.

الموضوعات:

الوسوم: إضافة وسم

لا توجد وسوم, كن أول من يضع وسما على هذه التسجيلة!

رقم الطلب: PJ2195 .B575 2010 v.1-2

LEADER 01720nam a22003737a 4500
003 OSt
005 20251027124351.0
008 251027t2010 be af f b 001 0 fre d
020 |a 9789461360038 (vol. 1) 
020 |a 9461360037 (vol. 1) 
020 |a 9789461360045 (vol. 2) 
020 |a 9461360045 (vol. 2) 
040 |c ARCE Library 
041 1 |a fre  |h cop 
043 |a f-ua--- 
050 1 4 |a PJ2195  |b .B575 2010 v.1-2 
100 1 |a Bouvarel-Boud'hors, Anne,  |e auteur 
245 1 4 |a Les ostraca coptes de la TT 29 :   |b autour du moine Frange /   |c Anne Boud'hors et Chantal Heurtel. 
264 1 |a Bruxelles :  |b CReA-Patrimoine,  |c 2010 
300 |a 2 volumes (432, 86 pages, 133 pages de planche) :  |b illustrations ;  |c 31 cm. 
490 0 |a Etudes d'archeologie thebaine ;  |v 3. 
500 |a "Entre 1999 et 2006, les campagnes de fouille menées par la mission archéologique de l'Université libre de Bruxelles dans la tombe thébaine no 29 du vizir Aménémopé ... ont révélé les traces d'une réoccupation du monument à l'époque copte ... et mis au jour plus d'un millier d'ostraca de cette période ... dont un peu plus de huit cents sont publiés ici (textes et traductions commentées)"--Book jacket. 
500 |a Includes index (v. 2) 
504 |a Bibliography: v. 2, p. 78-86. 
505 0 |a 1. Textes -- 2. Index -- Planches 
650 0 |a Coptic language  |x Texts. 
650 0 |a Coptic inscriptions  |z Egypt  |z Thebes (Extinct city) 
650 0 |a Ostraka  |z Egypt  |z Thebes (Extinct city) 
650 0 |a Excavations (Archaeology)  |z Egypt  |z Thebes (Extinct city) 
651 0 |a Thebes (Egypt : Extinct city) 
700 1 |a Heurtel, Chantal,  |e auteur 
901 |a reviewed 
942 |2 lcc  |c BK 
999 |c 56609  |d 56609